La torre [juego]
Guardado en:
| Formato: | Objeto Físico |
|---|---|
| Publicado: |
Argentina,
[199?]
|
| Materias: | |
| Etiquetas: |
Agregar Etiqueta
Sin Etiquetas, Sea el primero en etiquetar este registro!
|
| LEADER | 00882nrm a22001695g 4500 | ||
|---|---|---|---|
| 001 | CEM.cems019184 | ||
| 008 | 130507b199?##################0###0#####d | ||
| 005 | 20220829203349.0 | ||
| 003 | CEMS | ||
| 245 | 0 | 0 | |a La torre [juego] |
| 260 | |a Argentina, |c [199?] | ||
| 300 | |a 1 juego(54 fichas de madera) ; en caja 26 x 12 x 10 cm. | ||
| 500 | |a Para 2 jugadores o parejas a partir de 8 años objetivo: luego de construir la torre colocando cuatro fichas como base y seguir con las demás en sentido perpendicular, ir desarmándola al sacar las fichas cambiándoles la ubicación en la parte superior de la torre. Quién logra evitar que la torre se derrumbe es el ganador. | ||
| 653 | |a 1. juegos de entretenimiento general | ||
| 653 | |a 2. juegos de equilibrio y motricidad fina la torre | ||
| 859 | |a CEMS |b BIB. CEMS - Ludoteca |h J793 |p 088.96 |t Ej.1 | ||
| 859 | |a CEMS |b BIB. CEMS - Ludoteca |h J793 |p 089.96 |t Ej.2 | ||
